000 00525cam a2200205ua 4500
001 2577
008 110909n ii |||gr||||Z||||||asm
040 _cMAIN
082 _a491.451
100 _aGoswami, Goluk Chandra,
_eAuthor.
245 1 1 _aAsamiya barna prakash
_cby Goluk Chandra Goswami
250 _a1st.
260 _aGuahati:
_bNew book stall,969.
300 _a246p:
_c23cm.
653 _aLanguage
653 _aAssamese language
653 _aAsamiya barna prakash
653 _aAssamese language
942 _cBK
999 _c2430
_d2430